Top 10 States With The Most Disc Golf Courses Per Capita - Statistics

General Stats
  • This quiz has been taken 15 times
  • The average score is 8 of 10
Answer Stats
People Per Disc Golf Course State % Correct
9,839 South Dakota
93%
9,097 Iowa
86%
9,337 North Dakota
86%
13,648 Wisconsin
86%
8,760 Kansas
79%
13,179 Nebraska
79%
13,587 Maine
71%
12,408 Montana
71%
9,044 Wyoming
71%
10,087 Vermont
64%
No matching quizzes found
Score Distribution
Percent of People with Each Score
Percentile by Number Answered
Your Score History
You have not taken this quiz